00840nam a2200205 a 4500003000200000005001700002008004100019050003400060100002700094245010100121260009300222300004000315504004100355650002000396650001700416650003700433942001400470999001700484952013300501020250222110807.0111115s19uu xx 00 eng d aPGS BF 697.5.S43b.C532 2011  aChiang, Marc Allen Si. aPerceived self-esteem and the extent of participation in cyber-bullying /cMarc Allen Si Chiang. aLas Piñas City, Philippines : bSouthville International School and Colleges, c2011. a29 pages :billustrations ;c28 cm. aIncludes bibliographical references. aCyber bullying. aSelf-esteem. aBullyingvPsychological aspects. 2lcccPASS c98634d98634 00102lcc40aLUXbLUXcPASSd2011-11-15eDONATIONl0oPGS BF 697.5.S43 .C532 2011pP2734r2014-04-08 00:00:00w2014-04-08yPASS